| 000 | 00717nac a22002051u 4500 | ||
|---|---|---|---|
| 010 | _a62022329 | ||
| 035 | _a(OCoLC)881954 | ||
| 082 |
_a345 _bB6757 |
||
| 090 |
_c1847 _d1847 |
||
| 100 | _aBogue, Donald Joseph, | ||
| 245 | 1 | 0 | _aSkid row in American cities. |
| 260 |
_a[Chicago] _bCommunity and Family Study Center, University of Chicago _c[1963] |
||
| 300 |
_axiv, 521 p. _billus., maps, tables. _c25 cm. |
||
| 500 | _aDonations | ||
| 500 | _aDonations - Dr. Mostafa Gouda | ||
| 650 | 0 |
_aCriminals _zUnited States. |
|
| 651 | 0 |
_aUnited States _xSocial conditions. |
|
| 942 |
_cBB _k345B6757 |
||
| 999 |
_c1847 _d1847 |
||